000 00416 a2200169 4500
001 74056
020 _a8508037708
040 _cAnchieta - Colégio São Paulo
100 _aTeixeira, Francicsco M. P.
240 1 0 _aFrei Caneca e a resistência pernanbucana
_lpor
245 1 0 _aFrei Caneca e a resistência pernanbucana
300 _a32
362 0 _a1991
440 1 _aÁtica
650 4 _aBrasil
942 _cBK
999 _c74056
_d74056